| 000 | 00655cam a2200181ua 4500 | ||
|---|---|---|---|
| 020 | _cRs.0.50 | ||
| 041 |
_aeng _h |
||
| 082 |
_a328.3 _bMIN/IN |
||
| 110 | 1 |
_aMinistry of Information and Broadcasting . _b _c() |
|
| 245 | _aIndian Parliament | ||
| 260 |
_aIndia : _bMinistry of I&B, Govt. of India , _c1958. |
||
| 300 | _a40 ; . | ||
| 365 | _aRs.0.50 | ||
| 500 | _aAnnex | ||
| 504 | _a | ||
| 942 | _cBK | ||
| 999 |
_c11139 _d11139 |
||